Terapia de familia (Record no. 129176)

MARC details
000 -LEADER
campo de control de longitud fija 00577nam a2200193 i 4500
001 - NÚMERO DE CONTROL
campo de control 129176
003 - IDENTIFICADOR DE NÚMERO DE CONTROL
campo de control ES-MaACL
005 - FECHA Y HORA DE LA ÚLTIMA TRANSACCIÓN
campo de control 20230906193443.0
007 - CAMPO FIJO DE DESCRIPCIÓN FÍSICA--INFORMACIÓN GENERAL
campo de control de longitud fija t|
008 - DATOS DE LONGITUD FIJA--INFORMACIÓN GENERAL
campo de control de longitud fija 070607s1981 sp ||||1| spa d
080 ## - NÚMERO DE LA CLASIFICACIÓN DECIMAL UNIVERSAL
Número de la Clasificación Decimal Universal 159.981.5
245 00 - MENCIÓN DEL TÍTULO
Título Terapia de familia
Resto del título : la primera entrevista /
Mención de responsabilidad, etc. por Helm Stierlin... [et al.], [Traducción: Roberto Bein].
250 ## - MENCION DE EDICION
Mención de edición [1ª ed.].
260 ## - PUBLICACIÓN, DISTRIBUCIÓN, ETC.
Lugar de publicación, distribución, etc. [Barcelona] :
Nombre del editor, distribuidor, etc. Gedisa,
Fecha de publicación, distribución, etc. [1981]
300 ## - DESCRIPCIÓN FÍSICA
Extensión 316 p. ;
Dimensiones 19 cm.
700 1# - ENTRADA AGREGADA--NOMBRE PERSONAL
Nombre de persona Stierlin, Helm.
9 (RLIN) 108214
700 1# - ENTRADA AGREGADA--NOMBRE PERSONAL
Nombre de persona Bein, Roberto.
9 (RLIN) 27071
852 ## - LOCALIZACIÓN
Ubicación ES-MaACL
Número de control de estantería L-1443
Sublocalización o colección R.102039
Holdings
Estatus retirado Estado de pérdida Estado de daño No para préstamo Biblioteca de origen Biblioteca actual Ubicación en estantería Fecha de adquisición Fuente de adquisición Total de préstamos Signatura topográfica completa Código de barras Visto por última vez Precio de reemplazo Tipo de ítem Koha
        Biblioteca del Ateneo de Madrid Biblioteca del Ateneo de Madrid Depósito 2 17/01/2008     L-1443 1134519 23/02/2023 23/02/2023 Libro impreso